000 00820nam a2200181Ia 4500
008 100921s9999 xx 000 0 und d
082 _b43728
_a923.2 न 10
100 _aइंगळे व.न.
245 _aझेप अवकाशी अग्नपिक्ष्याची.
260 _bसाकेत प्रकाशन,औरंगाबाद.
_c2010
300 _a277
_bजयेश एजन्सी,पुणे.
365 _b200
520 _aचरित्रे-राजकारणी व्यिक्त.
630 _aझेप अवकाशी अग्नपिक्ष्याची.
650 _aचरित्रे-राजकारणी व्यिक्त.
730 _aझेप अवकाशी अग्नपिक्ष्याची.
942 _cBOOK
999 _c792841
_d792838